BIBLIOTECA

SENCICO

Remodelación interior Helavar S.A.C. / (Registro nro. 4529)

Detalles MARC
000 -LEADER
fixed length control field 01187nam a22002897a 4500
003 - CONTROL NUMBER IDENTIFIER
control field PE SENCICO BE
005 - DATE AND TIME OF LATEST TRANSACTION
control field 20251020182650.0
008 - FIXED-LENGTH DATA ELEMENTS--GENERAL INFORMATION
fixed length control field 240129b |||||||| |||| 00| 0 eng d
040 ## - CATALOGING SOURCE
Original cataloging agency PE SENCICO BE
Transcribing agency PE SENCICO BE
041 ## - LANGUAGE CODE
Language code of text/sound track or separate title spa
084 ## - OTHER CLASSIFICATION NUMBER
Classification number I
-- DIS
-- 2018
Item number C74
100 1# - MAIN ENTRY--PERSONAL NAME
9 (RLIN) 1911
Personal name Condori Arias, Melody Deysi
Relator term autor
245 1# - TITLE STATEMENT
Title Remodelación interior Helavar S.A.C. /
Statement of responsibility, etc. Melody Deysi Condori Arias
260 ## - PUBLICATION, DISTRIBUTION, ETC.
Place of publication, distribution, etc. Lima :
Date of publication, distribution, etc. 2018
300 ## - PHYSICAL DESCRIPTION
Extent 76, [45] h. :
Other physical details il. col., tabls.;
Dimensions 30 cm.
500 ## - GENERAL NOTE
General note Texto en dos volúmenes. El volumen 2 contiene planos (30 x 40 cm.).
502 ## - DISSERTATION NOTE
Dissertation note Monografía de Titulación.-- Servicio Nacional de Capacitación para la Industria de la Construcción. Escuela Superior Técnica. Carrera Profesional Técnica en Diseño de Interiores, 2018
650 10 - SUBJECT ADDED ENTRY--TOPICAL TERM
9 (RLIN) 44
Topical term or geographic name entry element Diseño de interiores
650 20 - SUBJECT ADDED ENTRY--TOPICAL TERM
9 (RLIN) 9
Topical term or geographic name entry element Espacios interiores
650 20 - SUBJECT ADDED ENTRY--TOPICAL TERM
9 (RLIN) 880
Topical term or geographic name entry element Centros comerciales
650 20 - SUBJECT ADDED ENTRY--TOPICAL TERM
9 (RLIN) 1800
Topical term or geographic name entry element Antropometría
650 20 - SUBJECT ADDED ENTRY--TOPICAL TERM
9 (RLIN) 940
Topical term or geographic name entry element Proyectos de edificaciones
650 20 - SUBJECT ADDED ENTRY--TOPICAL TERM
9 (RLIN) 615
Topical term or geographic name entry element Planos
710 1# - ADDED ENTRY--CORPORATE NAME
Corporate name or jurisdiction name as entry element Servicio Nacional de Capacitación para la Industria de la Construcción.
Subordinate unit Escuela Superior Técnica
9 (RLIN) 1065
910 ## - USER-OPTION DATA (OCLC)
-- hfp
-- hfp
942 ## - ADDED ENTRY ELEMENTS (KOHA)
Koha item type Monografía de Titulación
Existencias
Fecha de la última vez que lo usaron Número de ingreso o de inventario Pago total Signatura topográfica completa Código de barras Precio efectivo desde Tipo de documento Estado perdido Estado dañado No es para préstamo Retirado Ubicación permanente Ubicación actual Fecha de adquisición
29/01/2024 I-00353   I/DIS/2018/C74/v. 1 BibLima24010067 29/01/2024 Monografía de Titulación         Biblioteca Central Lima Biblioteca Central Lima 29/01/2024
21/02/2024 I-00476   I/DIS/2018/C74/v. 2 BibLima24020266 21/02/2024 Monografía de Titulación         Biblioteca Central Lima Biblioteca Central Lima 21/02/2024